00504 2200193 4500001002100000005001500021008004100036020001800077035001900095041000700114082001100121090001700132100001800149700001700167245004300184260002800227300002600255650002900281INLIS00000000000147120241224112345241224||||||||| | ||| |||| || |  a979-741-514-7 0010-1224001471 aid0 a621.37 a621.37 WAT p0 aA. J. Watkins0 aR. K. Parton00aPerhitungan Instalasi Listrik Volume 1 aJakartaberlanggac2004 aviii, 136 hlm.; 20 cm 0aIlmu Teknik (Enjiniring)